| 000 | 00000nam 2200000za 4500 |
| 001 | 9.821793 |
| 003 | CaOODSP |
| 005 | 20221107143537 |
| 007 | cr ||||||||||| |
| 008 | 160729s2015 onca|||| f000 0 eng d |
| 040 | |aCaOODSP|beng |
| 043 | |an-cn--- |
| 086 | 1 |aD2-511/2015E-PDF |
| 245 | 00|aYou are not alone |h[electronic resource] : |bconnecting military families to mental health and social wellness programs / |cMilitary Family Services. |
| 260 | |a[Ottawa] : |bNational Defence, |cc2014. |
| 300 | |a65 p. : |bcol. ill. |
| 500 | |a"You're not alone, peace of mind is only a phone call away". |
| 500 | |aIssued also in French under title: Vous n'êtes pas seul : aider les familles des militaires à accéder aux programmes de santé mentale et de bien-être social. |
| 692 | 07|2gccst|aMental health |
| 692 | 07|2gccst|aMilitary personnel |
| 692 | 07|2gccst|aSocial programs |
| 710 | 1 |aCanada. |bDepartment of National Defence. |
| 775 | 08|tVous n'êtes pas seul |w(CaOODSP)9.821796 |
| 856 | 40|qPDF|s5.99 MB|uhttps://publications.gc.ca/collections/collection_2016/mdn-dnd/D2-511-2015-eng.pdf |